| 000 | 00457nam a22001457a 4500 | ||
|---|---|---|---|
| 008 | 220310b |||||||| |||| 00| 0 eng d | ||
| 020 | _a9390175253 | ||
| 050 |
_aSB319.7 _b.P67 2021 |
||
| 245 |
_aPostharvest Technology of Horticultural Crops _cEdited by K.V. Peter, K.P. Sudheer & V. Indira |
||
| 260 |
_aNew Delhi _bNew India Publishing agency _c2021 |
||
| 300 | _axxvii, 291p. | ||
| 650 | _aHorticultural crops | ||
| 650 | _aFood crops | ||
| 942 |
_2lcc _cBK |
||
| 999 |
_c19256 _d19255 |
||